| 000 | 02105nam0a2200361 4500 | ||
|---|---|---|---|
| 001 | RU\NLR\BIBL_A\016228355 | ||
| 005 | 20230123152216.0 | ||
| 010 |
_a978-5-6048195-3-1 _92000 |
||
| 021 |
_aRU _bКН-П-22-071169 _9КН-П-22-6202 |
||
| 035 | _a(NLR Aleph) 016228355 | ||
| 035 | _a(RuMoRGB)011288467 | ||
| 090 |
_a12759666 _c12759666 |
||
| 100 | _a20221205d2022 c y0rusy50 ca | ||
| 101 | 0 | _arus | |
| 102 | _aRU | ||
| 105 | _aa|||z||||||a| | ||
| 181 | 0 |
_ab3 _bxb2e |
|
| 181 | 1 |
_ai1 _baxxe |
|
| 182 | 1 | _an | |
| 200 | 1 |
_aСказки дремучего леса _fВера Алексеева _g[художник П. Клементьев] |
|
| 203 |
_aИзображение _aТекст _bвизуальные _cнепосредственные |
||
| 210 |
_a[Б. м. _cб. и.] _d2022 _eТипография "Мастер-Студия", г. Ульяновск |
||
| 215 |
_a[21] с. _cцв. ил. _d27 |
||
| 330 | _aСказки дремучего леса! Здесь вас ждёт знакомство с очаровательной Страшненькой и её зловредной бабкой Силищей-Страшилище, волшебные заклинания, а также все тонкости ругательной науки! Куда же без неё в дремучем лесу? Но доброе сердце и искренняя дружба сильнее всех вредных пугалок! Дед Лешуня встретит вас фирменными пирогами из мухоморов. И ещё кое-кто тут живёт, кто, ну очень боится учиться в школе! | ||
| 333 | _a6+ | ||
| 686 | 0 | _aШ9(2)60=Р7-2 | |
| 700 | 1 |
_7ca _8rus _aАлексеева _bВ. _cдет. писатель _gВера _9220532 _3RU\NLR\AUTH\770220588 |
|
| 702 | 1 |
_4440 _7ca _8rus _aКлементьева _bК. А. _f1896-1984 _gКсения Александровна _997039 _3RU\NLR\AUTH\77114114 |
|
| 942 | _cBOOK | ||
| 980 | _aNB | ||